[Event "Berlin op 05"]
[Site "Berlin"]
[Date "2006.05.27"]
[Round "5"]
[White "Knopf, Roland"]
[Black "Geyken, Claudio"]
[Result "1/2-1/2"]
[WhiteElo "1815"]
[BlackElo "1612"]
[PlyCount "96"]
[EventDate "2006.05.24"]
[EventType "swiss"]
[EventRounds "7"]
[EventCountry "GER"]
[SourceTitle "EXT 2007"]
[Source "ChessBase"]
[SourceDate "2006.11.23"]
[SourceVersion "1"]
[SourceVersionDate "2006.11.23"]
[SourceQuality "1"]

1. d4 d5 2. c4 e6 3. Nc3 Nf6 4. cxd5 exd5 5. Bg5 Be7 6. e3 0-0 7. Bd3 c6 8. h4 h6 9. Nh3 hxg5 10. hxg5 Ng4 11. Be2 Nxe3 12. fxe3 Bxg5 13. Nxg5 Qxg5 14. Rh5 Qxe3 15. Qd3 Qxd3 16. Bxd3 Re8+ 17. Kd2 g6 18. Rh6 Be6 19. Rah1 Nd7 20. Ne2 Kf8 21. Nf4 Ke7 22. Re1 Kd6 23. Nxe6 Rxe6 24. Rf1 Nf6 25. Rh4 g5 26. Rh3 Ne4+ 27. Bxe4 Rxe4 28. Kd3 Rf8 29. Rh7 Ke6 30. Rg7 Rg4 31. Rf2 b5 32. Rh7 Rg3+ 33. Kd2 Rg4 34. Kd3 a5 35. Rh6+ Kd7 36. Rhf6 Rf4 37. R2xf4 gxf4 38. Rxf4 Ke6 39. Rg4 f5 40. Rg7 Rf7 41. Rg6+ Rf6 42. Rg8 f4 43. Ke2 Kf5 44. Kf3 Re6 45. Rf8+ Kg5 46. Rxf4 Re2 47. Rg4+ Kf5 48. Rf4+ Kg5 1/2-1/2

[Event "Berlin op 05"]
[Site "Berlin"]
[Date "2006.05.25"]
[Round "3"]
[White "Semme, Lothar"]
[Black "Geyken, Claudio"]
[Result "1-0"]
[WhiteElo "1654"]
[BlackElo "1612"]
[PlyCount "73"]
[EventDate "2006.05.24"]
[EventType "swiss"]
[EventRounds "7"]
[EventCountry "GER"]
[SourceTitle "EXT 2007"]
[Source "ChessBase"]
[SourceDate "2006.11.23"]
[SourceVersion "1"]
[SourceVersionDate "2006.11.23"]
[SourceQuality "1"]

1. d4 d5 2. c4 e6 3. a3 c5 4. e3 Nf6 5. Nc3 Nc6 6. Nf3 Be7 7. dxc5 Bxc5 8. cxd5 Nxd5 9. Nxd5 exd5 10. b4 Bd6 11. Bb2 0-0 12. Bb5 a5 13. Bxc6 bxc6 14. bxa5 Qxa5+ 15. Qd2 Qc7 16. 0-0 Bg4 17. Qd4 f5 18. Ne5 c5 19. Qxd5+ Kh8 20. Nf7+ Qxf7 21. Qxd6 c4 22. f3 Bh5 23. Rfd1 Qb7 24. Rd2 h6 25. Rad1 Rfc8 26. Qe5 Rc7 27. Qxf5 Be8 28. Rd8 Rxd8 29. Rxd8 Re7 30. Bd4 Kg8 31. Bc5 c3 32. Bxe7 Qxe7 33. Qd3 Kf8 34. Ra8 Qb7 35. Qf5+ Ke7 36. Qe5+ Kf8 37. Rxe8+ 1-0

[Event "Meudon op"]
[Site "Meudon"]
[Date "1990.??.??"]
[Round "3"]
[White "Geyken, Claudio"]
[Black "Daillet, Emmanuel"]
[Result "0-1"]
[WhiteElo "2000"]
[BlackElo "2280"]
[PlyCount "102"]
[EventDate "1990.??.??"]
[EventType "swiss"]
[EventRounds "7"]
[EventCountry "FRA"]
[SourceTitle "EXT 1999"]
[Source "ChessBase"]
[SourceDate "1998.11.16"]
[SourceVersion "1"]
[SourceVersionDate "1998.11.16"]
[SourceQuality "1"]

1. Nf3 Nf6 2. c4 g6 3. Nc3 Bg7 4. d4 d5 5. cxd5 Nxd5 6. e4 Nxc3 7. bxc3 0-0 8. Be2 c5 9. Rb1 cxd4 10. cxd4 Nc6 11. Be3 Qa5+ 12. Qd2 Qxd2+ 13. Kxd2 Rd8 14. Rhd1 Nxd4 15. Nxd4 Bxd4 16. Kc2 e5 17. Bxd4 exd4 18. Bc4 Bg4 19. f3 Rac8 20. Kd3 Be6 21. Bxe6 fxe6 22. Rxb7 Rc3+ 23. Ke2 Ra3 24. Rd2 Rd6 25. Rdb2 Rda6 26. Re7 Rxa2 27. Rxa2 Rxa2+ 28. Kd3 Rxg2 29. Kxd4 Rxh2 30. Rxa7 Rf2 31. Ke3 Rg2 32. Re7 h5 33. Rxe6 h4 34. Rc6 h3 35. Rc1 g5 36. Rh1 h2 37. Kd4 Kf7 38. Ke5 Kg6 39. Ke6 Kh5 40. Kf6 Kh4 41. e5 Kh3 42. e6 Rg1 43. e7 Rxh1 44. e8Q Rf1 45. Qh5+ Kg3 46. Kxg5 h1Q 47. Qxh1 Rxh1 48. f4 Kf3 49. f5 Ke4 50. f6 Ke5 51. f7 Rf1 0-1